Top 30 Ballon d'or 2016 - Statistiques

Statistiques générales
  • Ce quiz a été pris 241 fois
  • Le résultat moyen est 22 sur 30
Statistiques - réponses
Classement Nationalité Réponse % Correct
1 Cristiano Ronaldo
100%
2 Lionel Messi
100%
3 Antoine Griezmann
99%
4 Luis Suarez
98%
5 Neymar JR
98%
6 Gareth Bale
96%
7 Riyad Mahrez
91%
11 Pierre-Emerick Aubameyang
89%
13 Zlatan Ibrahimovic
89%
- Luka Modric
86%
16 Robert Lewandowski
82%
- Paul Pogba
80%
- Kevin De Bruyne
73%
14 Arturo Vidal
72%
9 Pepe
71%
10 Gianluigi Buffon
70%
- Thomas Müller
69%
18 Andrés Iniesta
68%
- Manuel Neuer
66%
- Hugo Lloris
64%
- Sergio Ramos
64%
17 Toni Kroos
63%
- Sergio Agüero
56%
- Diego Godín
53%
- Dimitri Payet
51%
8 Jamie Vardy
51%
- Gonzalo Higuaín
50%
- Paulo Dybala
48%
12 Rui Patricio
45%
- Koke
23%
Aucun quiz correspondant
Distribution des résultats
% des personnes avec chaque résultat
Percentile par nombre de réponses
Votre historique - résultats
Vous n’avez pas pris ce quiz